| 000 | 00637nam a2200169 i 4500 | ||
|---|---|---|---|
| 001 | 27271 | ||
| 003 | ES-MaACL | ||
| 005 | 20230906153605.0 | ||
| 007 | t| | ||
| 008 | 030114q19001999sp ||||1| spa d | ||
| 110 | 2 |
_aAsociación Española para el Progreso de las Ciencias. _91705 |
|
| 245 | 1 | 0 |
_aLista de socios, Estatutos, cuentas generales / _cAsociación Española para el Progreso de las Ciencias. |
| 260 |
_aMadrid : _b[s.n., _c19--?] ( _fTalleres Poligráficos) |
||
| 300 |
_a63 p. ; _c24 cm. |
||
| 610 | 2 | 4 |
_aAsociación Española para el Progreso de las Ciencias- _vListas de socios. _9168747 |
| 852 |
_aES-MaACL _j1675-F-8 _bR.4581 |
||
| 999 |
_c27271 _d27271 |
||